| 000 | 00541nam a22001817a 4500 | ||
|---|---|---|---|
| 999 |
_c9368 _d9368 |
||
| 008 | 210408b ||||| |||| 00| 0 eng d | ||
| 040 | _aBMS College of Architecture | ||
| 100 | _aUsshakiran, R | ||
| 245 | _aInheritance corridor | ||
| 300 | _a73p. | ||
| 500 | _a1BM14AHD05 | ||
| 502 |
_8M,Arch _NBMS College of Architecture, Visvesvaraya Technological University _aDissertation _d2016 |
||
| 650 | _aNA | ||
| 700 |
_aMamatha P Raj _eGuide |
||
| 700 |
_aSadashiv Chakravarthy _eGuide |
||
| 700 |
_aRachana Suraj _eGuide |
||
| 942 |
_2ddc _cPGTHE |
||